000
00227nam a22000857a 4500
001
1236371
005
20251001164150.0
245
_a
EGE KIYILARINDAN ESKİ ZAMAN MASALLARI
_c
AHMET ÜNVER
260
_b
GÜNIŞIĞI KİTAPLIĞI YAYINLARI
999
_c
1236371
_d
1236371